000 00430nam a2200145Ia 4500
008 240729s9999 xx 000 0 und d
022 _a2503-328X
245 0 _aLensa: Kajian Kebahasaan, Kesusastraan, dan Budaya
260 _aIndonesia
260 _bUniversitas Muhammadiyah Semarang
650 _aLanguage and Literature
856 _uhttps://doaj.org/toc/6610d1a430f4480bb28b9f2f3b8f0901
942 _2ddc
942 _cDOAJEJ
999 _c70954
_d70954
945 _a1
_bMadushi Gamage
_c1
_dMadushi Gamage